|
|
|
|
| LEADER |
00000naa2a2200000 4500 |
| 001 |
237891 |
| 005 |
20231031205004.0 |
| 035 |
|
|
|a (RuTPU)RU\TPU\book\259072
|
| 035 |
|
|
|a RU\TPU\book\259071
|
| 090 |
|
|
|a 237891
|
| 100 |
|
|
|a 20130519d2011 k y0rusy50 ca
|
| 101 |
0 |
|
|a rus
|
| 102 |
|
|
|a RU
|
| 200 |
1 |
|
|a Проблемы монопрофильных населенных пунктов
|f О. Ю. Якимова
|
| 225 |
1 |
|
|a Региональное развитие в условиях модернизации национальной экономики
|
| 320 |
|
|
|a Библиогр.: с. 259 (5 назв.)
|
| 463 |
|
0 |
|0 (RuTPU)RU\TPU\book\250468
|t Экономика России в XXI веке
|o сборник научных трудов VIII Всероссийской научно-практической конференции "Фундаментальные проблемы модернизации экономики России", г. Томск, 15-18 ноября 2011 г.
|f Национальный исследовательский Томский политехнический университет (ТПУ), Инженерно-экономический факультет ; под ред. Г. А. Барышевой, Л. М. Борисовой
|v С. 256-259
|d 2011
|p 420 с.
|
| 610 |
1 |
|
|a монопрофильные населенные пункты
|
| 610 |
1 |
|
|a проблемы
|
| 610 |
1 |
|
|a монопрофильное муниципальное образование
|
| 610 |
1 |
|
|a безработица
|
| 610 |
1 |
|
|a транспортные связи
|
| 610 |
1 |
|
|a нарушение
|
| 610 |
1 |
|
|a градообразующие предприятия
|
| 700 |
|
1 |
|a Якимова
|b О. Ю.
|
| 801 |
|
1 |
|a RU
|b 63413507
|c 20121214
|
| 801 |
|
2 |
|a RU
|b 63413507
|c 20160316
|g RCR
|
| 942 |
|
|
|c BK
|